000
00251nam a2200121Ia 4500
008
190216s9999||||xx |||||||||||||| ||und||
100
_a
Madavan Kutty
245
0
_a
Manomi
260
_b
Current Books
300
_a
54
650
_a
Novel
942
_c
BK
999
_c
29454
_d
29454